000 00476nam a22001817a 4500
003 CEME
005 20210628202557.0
008 210209b xxu||||| |||| 00| 0 eng d
020 _a0-7506-5094-X
040 _c.
082 _a621.38153 WIL
100 _aWilmshurst, T.H
_960560
245 _aAnalog circuit techniques, with digital interfacing
260 _aOXFORD
_bNEWNES
_c2001
300 _aVII,312P
650 _aCIRCUIT TECHNIQUES-ANALOG
_960561
942 _cBK
_2ddc
999 _c570261
_d570261